Historia de la República de Chile: 1808-1826
שמור ב:
| מחברים אחרים: | , , , , , , , |
|---|---|
| פורמט: | ספר |
| שפה: | ספרדית |
| יצא לאור: |
Santiago, Chile:
Zig - Zag,
2013.
|
| מהדורה: | 1a. Edición. |
| נושאים: | |
| תגים: |
הוספת תג
אין תגיות, היה/י הראשונ/ה לתייג את הרשומה!
|
MARC
| LEADER | 00000cam a2200000 a 4500 | ||
|---|---|---|---|
| 001 | UCE4427 | ||
| 003 | CL-VaPUC | ||
| 005 | 20220822114407.0 | ||
| 008 | 141023e20130700cl |||||||||||||||||spa|d | ||
| 999 | |c 357388 |d 357386 | ||
| 020 | |a 978-956-2591-6 (v.1) | ||
| 040 | |c Pontificia Universidad Católica de Valparaíso | ||
| 082 | 0 | 4 | |a 983.03 SIL 2013 |2 21 |
| 100 | 0 | |a Silva Vargas, Fernando |e editor |9 576977 | |
| 245 | 1 | 0 | |a Historia de la República de Chile: |b 1808-1826 |
| 250 | |a 1a. Edición. | ||
| 260 | |a Santiago, Chile: |b Zig - Zag, |c 2013. | ||
| 300 | |a Volumen 1. | ||
| 500 | |a c.3 Donación Familia Prof. Alejandro Guzmán Brito. | ||
| 505 | |a v.1: El fin de la Monarquía y los orígenes de la República. | ||
| 583 | |a last modification |c 20190328 01:24:13 |k Rodrigo Vera | ||
| 650 | 0 | |a Historia de Chile |2 CL-VaPUC |9 265473 |y 1808-1826 | |
| 650 | 0 | |a Monarquía Española |z Chile |9 564814 | |
| 700 | 0 | |a Vargas Cariola, Juan Eduardo |e editor |9 576978 | |
| 700 | 0 | |a Aldunate del Solar, Carlos |e autor |9 866012 | |
| 700 | 0 | |a Couyoumdijan Bergamali, Ricardo |e autor |9 866013 | |
| 700 | 0 | |a Cruz Ovalle, Isabel |e autora |9 866014 | |
| 700 | 0 | |a Enríquez Agrazar, Lucrecia Raquel |e autora |9 866015 | |
| 700 | 0 | |a Pereira Larraín, Teresa |e autora |9 866016 | |
| 700 | 0 | |a Silva Vargas, Fernando |e autor |9 866017 | |
| 700 | 0 | |a Vargas Cariola, Juan Eduardo |e autor |9 866018 | |
| 700 | |a Vásquez de Acuña García del Postigo, Isidoro |e autor |9 531512 | ||
| 852 | |a BIBCUR | ||
| 942 | |c BK |2 ddc |n 0 | ||
| 945 | |d 20141023 15:21:00 |a arojas | ||
| 952 | |0 0 |1 0 |2 ddc |3 erd |4 0 |6 983_030000000000000_SIL_2013 |7 0 |8 A |9 465305 |a BIBHIS |b BIBHIS |h v.1 |i 5120012 |l 1 |m 2 |o 983.03 SIL 2013 |p 5120012 |q 2025-07-25 |r 2024-08-27 |s 2024-08-27 |t 2 |w 2019-11-23 |y BK |z Catalogado en:20141023 |k HIS | ||
| 952 | |0 0 |1 0 |2 ddc |3 erd |4 0 |6 983_030000000000000_SIL_2013 |7 0 |8 DER_HDC |9 465307 |a BIBDER |b BIBDER |h v.1 |i 5539153 |o 983.03 SIL 2013 |p 5539153 |r 2023-01-25 |t 1 |w 2019-11-23 |x Ubicación 4to Piso |y BK |z Estos recursos deben solicitarse con anticipación |k DER | ||
| 952 | |0 0 |1 0 |2 ddc |4 0 |6 983_030000000000000_SIL_2013 |7 1 |8 C_AGB |9 580868 |a BIBDER |b BIBDER |d 2022-01-26 |e Donación |h v.1 |i 5642124 |o 983.03 SIL 2013 |p 5642124 |r 2023-01-25 |t 3 |w 2022-01-26 |y BK_US |k AGB | ||